Most Conservative Countries In The World - Statistics

General Stats
  • This quiz has been taken 213 times
  • The average score is 34 of 50
Answer Stats
Index Country % Correct
0.01 Afghanistan
93%
0.08 Iran
91%
0.04 Saudi Arabia
91%
0.10 Russia
88%
0.02 Yemen
87%
0.03 Syria
86%
0.05 United Arab Emirates
86%
0.04 North Korea
84%
0.08 Qatar
83%
0.12 Egypt
82%
0.08 China
81%
0.15 Algeria
80%
0.12 Libya
80%
0.08 Sudan
80%
0.09 Somalia
78%
0.04 Bahrain
75%
0.12 Kuwait
75%
0.04 Turkmenistan
75%
0.04 Tajikistan
74%
0.15 Ethiopia
73%
0.14 Kazakhstan
72%
0.17 Mali
72%
0.16 DR Congo
71%
0.09 Uzbekistan
71%
0.06 Belarus
70%
0.07 Chad
70%
0.12 Turkey
70%
0.06 South Sudan
69%
0.02 Eritrea
66%
0.17 Mauritania
64%
0.13 Vietnam
64%
0.10 Laos
63%
0.07 Azerbaijan
61%
0.11 Congo
61%
0.09 Myanmar
61%
0.16 Central African Republic
60%
0.13 Djibouti
57%
0.07 Cambodia
55%
0.18 Angola
54%
0.12 Bangladesh
53%
0.13 Rwanda
53%
0.08 Burundi
52%
0.05 Venezuela
49%
0.12 Cuba
48%
0.14 Cameroon
46%
0.15 Haiti
46%
0.05 Equatorial Guinea
40%
0.13 Comoros
39%
0.11 Eswatini
36%
0.07 Nicaragua
32%
No matching quizzes found
Score Distribution
Percent of People with Each Score
Percentile by Number Answered
Your Score History
You have not taken this quiz